Alle Parteien Spaniens - Statistiken

Allgemein
  • Dieses Quiz wurde 3 mal gespielt
  • Das Durchschnittsergebnis liegt bei 8 aus 11
Antwortstatistiken
Partei % Korrekt
Izquierda Unida
100%
Partido Popular
100%
Partido Socialista Obrero Español
100%
Podemos
100%
VOX
100%
Ciudadanos
67%
Más País
67%
Movimiento Sumar
67%
Catalunya en Comú
33%
Partido Animalista Con el Medio Ambiente
33%
Verdes Equo
33%
Keine übereinstimmenden Quizze gefunden
Verteilung der Resultate
Anzahl Personen mit jedem Resultat
Perzentil nach korrekt beantworteten Fragen
Ihre Resultats-Entwicklung
Sie haben dieses Quiz noch nicht gespielt